000 00768nam a2200253 a 4500
001 341
003 BD-RjUL
005 20221102104113.0
008 060630t19971981ii b 001 0 eng d
020 _a8120300300
035 _a(BD-RjUL)358
040 _aBD-RjUL
_beng
_cBD-RjUL
041 _aeng
082 0 4 _223
_a005.13
_bRAC 1997
100 1 _aRajaraman, V.
_91092
245 1 0 _aComputer programming in COBOL /
_cV. Rajaraman., H.V. Sahasrabuddhe.
250 _aEastern economy ed.
260 _aNew Delhi :
_bPrentice-Hall of India,
_cc1981 [reprinted 1997].
300 _ax, 268 p. :
_bill. ;
_c28 cm.
504 _aIncludes index and bibliography.
650 0 _aCOBOL (Computer program language)
_9914
700 1 _aSahasrabuddhe, H.V.
_95662
942 _2ddc
_cBK
999 _c341
_d341